000 00749nam a2200265 a 4500
001 42583
003 BD-RjUL
005 20211209053548.0
008 160614s1964 enk b 001 0 eng d
035 _aMITb10447874
035 _a(BD-RjUL)
035 _aGLIS00447874
040 _aSOI
_cSOI
_dMYG
_beng
041 _aeng
082 _a330.9
_bSAP 1964
099 _aHD82.S225
100 1 _aSangha, Kehar S.
_q(Kehar Singh)
_9130920
245 1 0 _aProductivity and economic growth /
_cKehar Sangha.
260 _aLondon :
_bAsia Publishing House,
_cc1964
300 _avi, 121 p. :
_bill. ;
_c23 cm.
504 _aIncludes Bibliography: p. [115]-117. and index
650 0 _aEconomic development.
_9130921
942 _2ddc
_cBK
949 _aMYGD
999 _c42583
_d42583